| 000 | 00363nam a22001457a 4500 | ||
|---|---|---|---|
| 003 | OSt | ||
| 005 | 20211025105519.0 | ||
| 008 | 211025b |||||||| |||| 00| 0 eng d | ||
| 040 |
_aHU _cDDC |
||
| 245 | _aThe law of evidence | ||
| 250 | _a21st edition | ||
| 260 |
_aNew Delhi _bWashawa and company Nagpour _c2006 |
||
| 300 | _axcv,892p,22cm | ||
| 942 |
_2ddc _cBOOKS _n0 |
||
| 999 |
_c14630 _d14630 |
||